421 Country, Unregocnized Territories and Region Flags of the World - Statistics

General Stats
  • This quiz has been taken 174 times
    90 since last reset
  • The average score is 219 of 421
Answer Stats
Picture Answer % Correct
Abkhazia
95%
Afghanistan
90%
Albania
90%
Algeria
85%
Andorra
85%
Angola
85%
Antarctica
85%
Argentina
85%
Armenia
85%
Antigua and Barbuda
79%
Australia
77%
Austria
77%
Azerbaijan
74%
Artsakh
72%
Bahamas
72%
Bahrain
72%
Bangladesh
72%
Barbados
72%
Belarus
72%
Belgium
72%
Bosnia & Herzegovina
72%
Botswana
72%
Brazil
72%
Brunei
72%
Bulgaria
72%
Burkina Faso
72%
Burundi
72%
Cambodia
72%
Canada
72%
Cape Verde
72%
Central African Republic
72%
Chad
72%
Chile
72%
China
72%
Colombia
72%
Anguilla
69%
Belize
69%
Benin
69%
Bhutan
69%
Cameroon
69%
Comoros
69%
Costa Rica
69%
Cuba
69%
Cyprus
69%
Czech Republic
69%
Denmark
69%
Dominica
69%
East Timor
69%
Ecuador
69%
Egypt
69%
England
69%
Eritrea
69%
Estonia
69%
Eswatini
69%
Faroe Islands
69%
Finland
69%
France
69%
F.S. of Micronesia
69%
Georgia
69%
Germany
69%
Greece
69%
Greenland
69%
Haiti
69%
Honduras
69%
Hong Kong
69%
Hungary
69%
Iceland
69%
India
69%
Indonesia
69%
Iran
69%
Iraq
69%
Ireland
69%
Isle of Man
69%
Israel
69%
Ivory Coast
69%
Jamaica
69%
Japan
69%
Kazakhstan
69%
Kenya
69%
Kosovo
69%
Kuwait
69%
Kyrgyzstan
69%
Laos
69%
Latvia
69%
Lebanon
69%
Lesotho
69%
Liberia
69%
Libya
69%
Liechtenstein
69%
Luxembourg
69%
Malaysia
69%
Malta
69%
Mayotte
69%
Mexico
69%
Moldova
69%
Monaco
69%
Mongolia
69%
Montenegro
69%
Morocco
69%
Nepal
69%
Netherlands
69%
Niger
69%
Nigeria
69%
North Korea
69%
North Macedonia
69%
Norway
69%
Pakistan
69%
Palau
69%
Palestine
69%
Panama
69%
Papua New Guinea
69%
Peru
69%
Philippines
69%
Poland
69%
Portugal
69%
Qatar
69%
Romania
69%
Russia
69%
Rwanda
69%
Samoa
69%
Sao Tome & Principe
69%
Saudi Arabia
69%
Scotland
69%
Serbia
69%
Seychelles
69%
Singapore
69%
Slovakia
69%
Slovenia
69%
Somalia
69%
South Africa
69%
South Korea
69%
Spain
69%
Sri Lanka
69%
Åland Islands
67%
Christmas Island
67%
Croatia
67%
Dominican Republic
67%
D.R. Congo
67%
Equatorial Guinea
67%
Ethiopia
67%
Fiji
67%
Ghana
67%
Guam
67%
Guatemala
67%
Guyana
67%
Italy
67%
Jordan
67%
Kiribati
67%
Lithuania
67%
Macau
67%
Malawi
67%
Mali
67%
Marshall Islands
67%
Mauritania
67%
Mauritius
67%
Mozambique
67%
Nauru
67%
New Zealand
67%
Nicaragua
67%
Oman
67%
San Marino
67%
Senegal
67%
St. Kitts & Nevis
67%
St. Lucia
67%
St. Vincent and the Grenadines
67%
Suriname
67%
Sweden
67%
Switzerland
67%
Syria
67%
Taiwan
67%
Tanzania
67%
Thailand
67%
Tonga
67%
Tunisia
67%
Turkey
67%
Turkmenistan
67%
Uganda
67%
Ukraine
67%
United Kingdom
67%
United States
67%
Uruguay
67%
Uzbekistan
67%
Vanuatu
67%
Vatican City
67%
Venezuela
67%
Vietnam
67%
Wales
67%
Zambia
67%
Zimbabwe
67%
Alaska
64%
Bermuda
64%
Bolivia
64%
Cook Islands
64%
Curacao
64%
Djibouti
64%
El Salvador
64%
Gabon
64%
Gambia
64%
Gibraltar
64%
Grenada
64%
Guernsey
64%
Guinea-Bissau
64%
Jersey
64%
Madagascar
64%
Maldives
64%
Myanmar
64%
Namibia
64%
New Caledonia
64%
Paraguay
64%
Sierra Leone
64%
Solomon Islands
64%
South Ossetia
64%
South Sudan
64%
Tajikistan
64%
Transnistria
64%
Trinidad & Tobago
64%
Tuvalu
64%
United Arab Emirates
64%
Yemen
64%
Cocos Islands
62%
Falkland Islands
62%
Guinea
62%
Niue
62%
Norfolk Island
62%
Northern Cyprus
62%
Rep. of the Congo
62%
Somaliland
62%
Togo
62%
US Virgin Islands
62%
Western Sahara
62%
French Guiana
59%
French Polynesia
59%
Guadeloupe
59%
Jeju Province
59%
Johnston Atoll
59%
Martinique
59%
Sudan
59%
Taliban
59%
British Virgin Islands
56%
Catalonia
56%
Cayman Islands
56%
Hawaii
56%
Montserrat
56%
Northern Ireland
56%
Zanzibar
56%
Kurdistan
54%
Northern Mariana Islands
54%
Saint Pierre and Miquelon
54%
Sicily
54%
Tibet
54%
Tokelau
54%
Wallis and Futuna
54%
Easter Islands
51%
Pitcairn Islands
51%
Quebec
51%
Reunion
51%
Saint Barthelemy
51%
Saint Helena
51%
Turks and Caicos Islands
51%
Basque Country
49%
Bonaire
49%
British Indian Ocean Territory
49%
Brittany
49%
Corsica
49%
Sardinia
49%
Sint Maarten
49%
Azores
46%
British Antarctic Territory
46%
Flanders
46%
Wake Islands
46%
Wallonia
46%
Adjara
44%
Alderney
44%
Bougainville
44%
Cornwall
44%
French Southern and Antarctic Lands
44%
North Ossetia
44%
Ascension Islands
41%
Canary Islands
41%
Madeira
41%
Saba
41%
South Georgia and the South Sandwich Islands
41%
Adygea
38%
Ceuta
38%
Chechnya
38%
East Turkestan
38%
Mallorca
38%
Saint Martin
38%
Sealand
38%
Australian Antarctic Territory
36%
Crimea
36%
Gagauzia
36%
Sint Eustatius
36%
Tristan da Cunha
36%
Andalucia
33%
District of Columbia
33%
Kaliningrad
33%
Karakalpakstan
33%
Puntland
33%
Sami
33%
Sark
33%
Shetland
33%
Svalbard
33%
Tuva
33%
West Papua
33%
Altai Republic
31%
Argentine Antarctic Territory
31%
Bali
31%
Barotseland
31%
Chilean Antarctic Territory
31%
Daghestan
31%
Darfur
31%
Kingman Reef
31%
Midway Atoll
31%
North Island
31%
Nunavut
31%
Orkney Islands
31%
South Island
31%
Tasmania
31%
Tatarstan
31%
Anjouan
28%
Ashmore and Cartier Islands
28%
Asturias
28%
Azad Kashmir
28%
Buryatia
28%
Cabinda
28%
Herm
28%
Ingushetia
28%
Jammu and Kashmir
28%
Navassa
28%
Vojvodina
28%
Aileu District
26%
Auckland Island
26%
Balleny Islands
26%
Chuvashia
26%
Coral Sea Islands
26%
Jarvis island
26%
Kalmykia
26%
Karelia
26%
Minorca
26%
Netherlands Antilles
26%
Prince Edward Island
26%
Republic of Venice
26%
Ainaro District
23%
Antipode Islands
23%
Bikini Atoll
23%
Bobonaro District
23%
Campbell Island
23%
Cantabria
23%
Central Province
23%
Chatham Islands
23%
Cova Lima District
23%
El Hierro
23%
Ermera District
23%
Fuerteventura
23%
Gran Canaria
23%
Ibiza
23%
Karachay Cherkessia
23%
Komi
23%
La Gomera
23%
Lanzarote
23%
La Palma
23%
Lord Howe Island
23%
Palmyra Atoll
23%
Rodrigues
23%
Sakha
23%
Udmurtia
23%
Veneto
23%
Western Togoland
23%
Austral Islands
21%
Carpathian Ruthenia
21%
Croatian Republic of Herzeg
21%
Formentera
21%
Galapogos Islands
21%
Gambier Islands
21%
Heard Island and Macdonald Islands
21%
Inner Mongolian People's Party
21%
Kabardino Balkaria
21%
Khalistan
21%
Mari El
21%
Mordovia
21%
Navarre
21%
Nunatsiavut
21%
Padania
21%
Queen Maud Land
21%
Ross Dependency
21%
Sindhudesh
21%
Viqueque District
21%
Baucau District
18%
Bounty Islands
18%
Dili District
18%
Doug
18%
Juan Hernandez Islands
18%
Kermadec Islands
18%
Khakassia
18%
Lautem District
18%
Liqiuca District
18%
Macquarie Island
18%
Manatuto District
18%
Manufahi District
18%
Mellila
18%
Ogaden
18%
Pattani
18%
Sabah
18%
Southern Cameroons
18%
South Moluccas
18%
Tenerife
18%
Torres Strait Islanders
18%
Autonomous Region in Muslim Mindanao
15%
Bashotkostan
15%
Cretean state
15%
Friuli Venezia
15%
Ma Clique
15%
Nueva Esparta
15%
Oecusse District
15%
Oglala
15%
San Andres y Providencia
15%
Savoie
15%
Snares Islands
15%
Upper silesia
15%
Tuamoutu
13%
No matching quizzes found
Score Distribution
Percent of People with Each Score
Percentile by Number Answered
Your Score History
You have not taken this quiz since the last reset